000 00625nam a2200229Ia 4500
003 OSt
005 20230320105930.0
008 210423s2009 xx 000 0 und d
020 _a8180520226
040 _cAL
041 _aeng
082 _a660.29 AHLG
100 _aAHLUWALIA (V K)
_943074
245 _aGreen chemistry: environmentally benign reaction
260 _aNew Delhi
_bAne Books India
_c2009
300 _axiv,210
_bHB
365 _b695
_cINR
650 _aApplied Physical Chemistry
_943075
650 _aChemical Engineering
_943076
906 _abenign ; environmentally ; reaction
942 _2ddc
_cBK
999 _c154837
_d154837